[Event "Bavaria-ch 94th"]
[Site "Rosenheim"]
[Date "2023.08.23"]
[Round "5"]
[White "Paar, Johannes"]
[Black "Dietlmeier, Tobias"]
[Result "0-1"]
[WhiteElo "1953"]
[BlackElo "1885"]
[PlyCount "60"]
[EventDate "2023.08.20"]
[EventType "tourn"]
[EventRounds "9"]
[EventCountry "GER"]
[SourceTitle "CBM 215 Extra"]
[Source "ChessBase"]
[SourceDate "2023.09.30"]
[SourceVersion "1"]
[SourceVersionDate "2023.09.30"]
[SourceQuality "1"]

1. d4 d5 2. c4 e6 3. Nc3 Nf6 4. Nf3 c6 5. Bg5 Nbd7 6. e3 Be7 7. Bd3 0-0 8. 0-0 h6 9. Bh4 b6 10. cxd5 exd5 11. Rc1 Bb7 12. Qe2 Ne4 13. Bxe7 Qxe7 14. Ba6 Bxa6 15. Qxa6 Qd6 16. Nxe4 dxe4 17. Nd2 Rfe8 18. Rfd1 Qd5 19. b3 Re6 20. Qb7 Rae8 21. Qxa7 Rg6 22. Qc7 Ree6 23. Qd8+ Kh7 24. Nf1 Ref6 25. Ng3 h5 26. Nxh5 Qxh5 27. Qxd7 Rxg2+ 28. Kxg2 Qf3+ 29. Kg1 Qxf2+ 30. Kh1 Qf3+ 0-1

[Event "Mittelfrank Regionalliga Sud-Ost 2223"]
[Site "Mittelfranken"]
[Date "2023.02.05"]
[Round "6.6"]
[White "Theiss, Johann"]
[Black "Dietlmeier, Tobias"]
[Result "1/2-1/2"]
[WhiteElo "1903"]
[BlackElo "1907"]
[PlyCount "94"]
[EventDate "2022.10.09"]
[EventType "team-tourn"]
[EventRounds "9"]
[EventCountry "GER"]
[SourceTitle "EXT 2024"]
[Source "ChessBase"]
[SourceDate "2023.10.10"]
[SourceVersion "1"]
[SourceVersionDate "2023.10.10"]
[SourceQuality "1"]
[WhiteTeam "Landau Dingolfing"]
[BlackTeam "Tegernsee"]
[WhiteTeamCountry "GER"]
[BlackTeamCountry "GER"]

1. d4 Nf6 2. c4 e6 3. Nf3 d5 4. Bg5 c6 5. Qc2 Nbd7 6. cxd5 exd5 7. Nc3 Qa5 8. Nd2 Be7 9. e3 h6 10. Bh4 0-0 11. Bd3 Re8 12. h3 Bd6 13. Bxf6 Nxf6 14. 0-0-0 b5 15. Kb1 Qb6 16. g4 Bd7 17. Rdg1 c5 18. dxc5 Bxc5 19. Nb3 Bf8 20. Nd4 Rac8 21. Qb3 Rc5 22. Rc1 Ne4 23. Nxe4 dxe4 24. Rxc5 Bxc5 25. Bxb5 Be6 26. Bc4 Bxd4 27. Bxe6 Rxe6 28. exd4 Qxd4 29. Qc2 Rb6 30. Rc1 Rf6 31. Rd1 Qb6 32. Rd2 Rd6 33. a3 Rxd2 34. Qxd2 Qb3 35. Qe3 Qd1+ 36. Ka2 Qd5+ 37. Qb3 Qc5 38. Qe3 Qd5+ 39. b3 a5 40. Kb2 Qc6 41. Qd4 Kh7 42. b4 a4 43. Qc5 Qf6+ 44. Kb1 g6 45. b5 Qf3 46. b6 Qd1+ 47. Kb2 Qd2+ 1/2-1/2

[Event "Mittelfrank Regionalliga Sud-Ost 2223"]
[Site "Mittelfranken"]
[Date "2022.10.23"]
[Round "2.7"]
[White "Dietlmeier, Tobias"]
[Black "Hoeller, Armin"]
[Result "0-1"]
[WhiteElo "1907"]
[BlackElo "2012"]
[PlyCount "114"]
[EventDate "2022.10.09"]
[EventType "team-tourn"]
[EventRounds "9"]
[EventCountry "GER"]
[SourceTitle "EXT 2024"]
[Source "ChessBase"]
[SourceDate "2023.10.10"]
[SourceVersion "1"]
[SourceVersionDate "2023.10.10"]
[SourceQuality "1"]
[WhiteTeam "Tegernsee"]
[BlackTeam "Ilmmuenster"]
[WhiteTeamCountry "GER"]
[BlackTeamCountry "GER"]

1. e4 e5 2. Nc3 Bc5 3. Bc4 Nf6 4. f4 d5 5. Bxd5 Bxg1 6. Rxg1 Bg4 7. Ne2 Nxd5 8. exd5 exf4 9. Rf1 0-0 10. Rf2 Qxd5 11. d4 g5 12. Nxf4 Re8+ 13. Kf1 Qf5 14. Ne2 Qb5 15. c4 Qxc4 16. Bxg5 Nc6 17. Rc1 Bxe2+ 18. Rxe2 Qxe2+ 19. Qxe2 Rxe2 20. Kxe2 Nxd4+ 21. Kd3 Ne6 22. Bf6 h6 23. g4 Kh7 24. h4 Rg8 25. g5 hxg5 26. hxg5 Kg6 27. Rh1 Nf4+ 28. Ke4 Nh5 29. Be5 Re8 30. Rg1 Ng7 31. Kd5 Rd8+ 32. Ke4 Re8 33. Kd4 Ne6+ 34. Ke4 Rd8 35. Bf6 Rd2 36. Ke3 Rd5 37. Ke4 c6 38. Be5 Nxg5+ 39. Kf4 f6 40. Bc3 Rf5+ 41. Ke3 Rf3+ 42. Ke2 Rf4 43. Ke3 Re4+ 44. Kd3 Re6 45. Bd2 Re5 46. Rg4 Kf5 47. Rb4 Rd5+ 48. Ke3 Ne4 49. Rxe4 Rxd2 50. Rf4+ Kg5 51. Rxf6 Kxf6 52. Kxd2 Ke5 53. Kc3 Kd5 54. Kb4 b6 55. b3 Kd4 56. Ka4 Kc3 57. a3 b5+ 0-1

[Event "GER-ch U18"]
[Site "Willingen"]
[Date "2022.06.08"]
[Round "6"]
[White "Haack, Kevin"]
[Black "Dietlmeier, Tobias"]
[Result "1-0"]
[WhiteElo "2176"]
[BlackElo "1886"]
[PlyCount "41"]
[EventDate "2022.06.04"]
[EventType "swiss"]
[EventRounds "9"]
[EventCountry "GER"]
[SourceTitle "CBM 208 Extra"]
[Source "ChessBase"]
[SourceDate "2022.07.31"]
[SourceVersion "1"]
[SourceVersionDate "2022.07.31"]
[SourceQuality "1"]

1. e4 c6 2. c4 d5 3. cxd5 cxd5 4. exd5 Nf6 5. Qa4+ Bd7 6. Qb3 Qc7 7. Nc3 g6 8. Bc4 Bf5 9. Nge2 Na6 10. d4 Rc8 11. Bb5+ Bd7 12. Bf4 Qb6 13. d6 exd6 14. Bg5 Be7 15. Bxf6 Bxf6 16. Bxd7+ Kxd7 17. Qxf7+ Be7 18. Nd5 Qd8 19. Nef4 Qf8 20. Nf6+ Kc7 21. Ne6+ 1-0

[Event "GER-ch U18"]
[Site "Willingen"]
[Date "2022.06.05"]
[Round "2"]
[White "Dahl, Christoph"]
[Black "Dietlmeier, Tobias"]
[Result "1-0"]
[WhiteElo "2351"]
[BlackElo "1886"]
[PlyCount "51"]
[EventDate "2022.06.04"]
[EventType "swiss"]
[EventRounds "9"]
[EventCountry "GER"]
[SourceTitle "CBM 208 Extra"]
[Source "ChessBase"]
[SourceDate "2022.07.31"]
[SourceVersion "1"]
[SourceVersionDate "2022.07.31"]
[SourceQuality "1"]

1. e4 c5 2. Nf3 d6 3. d4 cxd4 4. Nxd4 Nf6 5. Nc3 g6 6. Be3 Bg7 7. f3 0-0 8. Qd2 Nc6 9. Bc4 Bd7 10. 0-0-0 Rc8 11. Bb3 Ne5 12. Kb1 Qa5 13. Nd5 Qd8 14. Bh6 Nxd5 15. exd5 Nc4 16. Bxc4 Bxh6 17. Qxh6 Rxc4 18. h4 e5 19. dxe6 Bxe6 20. Nxe6 fxe6 21. h5 Qf6 22. hxg6 Qxg6 23. Qxg6+ hxg6 24. Rxd6 Rc6 25. Rd7 Rfc8 26. c3 1-0

[Event "GER-chT U16"]
[Site "Willingen"]
[Date "2021.06.25"]
[Round "4.7"]
[White "Seinsoth, Paul"]
[Black "Dietlmeier, Tobias"]
[Result "0-1"]
[WhiteElo "1737"]
[BlackElo "1818"]
[PlyCount "128"]
[EventDate "2021.06.23"]
[EventType "team-swiss"]
[EventRounds "7"]
[EventCountry "GER"]
[SourceTitle "CBM 203 Extra"]
[Source "ChessBase"]
[SourceDate "2021.09.30"]
[SourceVersion "1"]
[SourceVersionDate "2021.09.30"]
[SourceQuality "1"]
[WhiteTeam "Erfurt SK"]
[BlackTeam "Tegernsee"]
[WhiteTeamCountry "GER"]
[BlackTeamCountry "GER"]

1. e4 c5 2. Nf3 d6 3. d4 cxd4 4. Nxd4 Nf6 5. Nc3 g6 6. f3 Bg7 7. Be3 0-0 8. Qd2 Nc6 9. 0-0-0 d5 10. exd5 Nxd5 11. Nxc6 bxc6 12. Nxd5 cxd5 13. Qxd5 Qc7 14. Qc5 Qb7 15. Bd4 Bf5 16. Bd3 Rfc8 17. Qa3 e5 18. Bxf5 gxf5 19. Bc3 Rab8 20. Rd3 Bf8 21. Qb3 Qe7 22. Qd5 Rc5 23. Qd7 Bh6+ 24. Kb1 Qxd7 25. Rxd7 Rxc3 26. Rhd1 Re3 27. Rxa7 Re2 28. Rad7 Rxg2 29. Rd8+ Rxd8 30. Rxd8+ Kg7 31. b4 e4 32. fxe4 fxe4 33. Re8 e3 34. Kb2 e2 35. b5 Bd2 36. b6 Rg6 37. Rxe2 Rxb6+ 38. Ka3 Bc1+ 39. Ka4 Ra6+ 40. Kb3 Ra3+ 41. Kb4 Rxa2 42. Kb3 Ra3+ 43. Kc4 Rh3 44. Kd5 Bf4 45. c4 Rxh2 46. Re4 Rd2+ 47. Kc6 Bh2 48. c5 f5 49. Re3 Kf6 50. Kb7 Rb2+ 51. Kc6 Rc2 52. Re1 Be5 53. Rh1 Rh2 54. Rf1 h5 55. Kd5 h4 56. c6 Rc2 57. Rh1 Bg3 58. Rg1 f4 59. Ke4 Rxc6 60. Kf3 h3 61. Kg4 h2 62. Rh1 Re6 63. Kf3 Kg5 64. Kg2 Kg4 0-1

[Event "GER-chT U16"]
[Site "Aurich"]
[Date "2018.12.28"]
[Round "3.4"]
[White "Naumenko, Valerija"]
[Black "Dietlmeier, Tobias"]
[Result "1-0"]
[WhiteElo "1619"]
[BlackElo "1769"]
[PlyCount "131"]
[EventDate "2018.12.27"]
[EventType "team-swiss"]
[EventRounds "7"]
[EventCountry "GER"]
[SourceTitle "CBM 188 Extra"]
[Source "ChessBase"]
[SourceDate "2019.02.26"]
[SourceVersion "1"]
[SourceVersionDate "2019.02.26"]
[SourceQuality "1"]
[WhiteTeam "Hemer"]
[BlackTeam "Tegernsee"]
[WhiteTeamCountry "GER"]
[BlackTeamCountry "GER"]

1. e4 c6 2. Nc3 d5 3. Qe2 dxe4 4. Nxe4 Bf5 5. d3 Qc7 6. g4 Bg6 7. Bd2 e6 8. 0-0-0 Nd7 9. f4 0-0-0 10. h4 h5 11. g5 Ne7 12. Bh3 Nf5 13. Nf3 Nc5 14. Bxf5 Bxf5 15. Ne5 Na4 16. g6 f6 17. Nf7 Bg4 18. Qf2 Bxd1 19. Qxa7 Nb6 20. Rxd1 Be7 21. Nxh8 Rxh8 22. Kb1 Kd7 23. Qa5 Ra8 24. Nc5+ Bxc5 25. Qxc5 Nd5 26. c4 Ne7 27. Bb4 Ke8 28. Re1 b6 29. Qxe7+ Qxe7 30. Bxe7 Kxe7 31. f5 e5 32. d4 Kd6 33. dxe5+ fxe5 34. a3 Rf8 35. Rf1 Rf6 36. Kc2 e4 37. b4 Ke5 38. Kc3 Rd6 39. a4 e3 40. f6 e2 41. Re1 Kxf6 42. Rxe2 Kxg6 43. c5 bxc5 44. bxc5 Rf6 45. Kd3 Kf7 46. a5 Rf4 47. Re4 Rf3+ 48. Kc4 Ra3 49. Kb4 Ra1 50. Re3 Kf6 51. Ra3 Rb1+ 52. Kc3 Rb8 53. a6 Ke5 54. Kc4 Ke4 55. a7 Ra8 56. Ra6 Ke5 57. Rxc6 Rxa7 58. Rg6 Kf5 59. Rg5+ Kf6 60. Kb5 g6 61. c6 Rg7 62. Kb6 Ke6 63. c7 Kd7 64. Rd5+ Ke6 65. c8Q+ Kxd5 66. Qc6+ 1-0

[Event "Forchheim op-B 15th"]
[Site "Forchheim"]
[Date "2016.10.02"]
[Round "3"]
[White "Rosenhain, Thomas"]
[Black "Dietlmeier, Tobias"]
[Result "1/2-1/2"]
[WhiteElo "1860"]
[BlackElo "1595"]
[PlyCount "62"]
[EventDate "2016.10.01"]
[EventType "swiss"]
[EventRounds "5"]
[EventCountry "GER"]
[SourceTitle "EXT 2019"]
[Source "ChessBase"]
[SourceDate "2018.10.10"]
[SourceVersion "1"]
[SourceVersionDate "2018.10.10"]
[SourceQuality "1"]

1. d4 d5 2. c4 e6 3. Nc3 Nf6 4. cxd5 exd5 5. Bg5 Nbd7 6. e3 c6 7. Qc2 Qa5 8. Bd3 Bb4 9. Nge2 0-0 10. 0-0 h6 11. Bh4 Bd6 12. Rac1 Ng4 13. Bg3 Be7 14. a3 Qd8 15. Rfd1 Bh4 16. Bf5 Nb6 17. Bd3 Qf6 18. Rf1 Qg5 19. Bf4 Qe7 20. h3 Nf6 21. Bh2 Nh5 22. Nf4 Qg5 23. Nxh5 Qxh5 24. b3 Qg5 25. Bf4 Qe7 26. a4 a5 27. Ne2 Nd7 28. Ng3 Nf6 29. Nf5 Bxf5 30. Bxf5 Nh5 31. Bh2 Qd8 1/2-1/2